000 00442nam a2200181Ia 4500
001 13277
005 20260306163042.0
008 260306t1997||||xx |||||||||||||| ||spa||
041 _aESP
082 _a001.42
_bI22
100 _aIbáñez Brambila, Berenice
_eAUT
245 0 _aManual para la elaboración de tesis
260 _c1997
300 _a303 páginas :
_c23 cm.
650 _aGEN
654 _aCHU
942 _cLIB
_dJUS
_fJUS
_2ddc
_n
999 _c13277
_d13277